=LDR 00000nam 2200000 4500 =001 000238 =005 20250713092932 =035 ##$$a 0010-0725000062 =007 ta =008 250713################a##########0#ind## =020 ##$$a 978-602-244-924-9 =100 #$$a K. Helga =245 1#$$a Rumah Wortel /$c Helga K. =250 ##$$a Cetakan Pertama =260 ##$$a Jakarta Selatan :$b Kementrian Pendidikan, Kebudayaan, Riset, dan Teknologi,$c 2022 =300 ##$$a 30 hlm. : $b Ilus. ; $c 23 cm =856 ##$$a TBM As suhada =082 ##$$a 398. 209 598 =084 ##$$a 398. 209 598 K. r =650 #4$$a Cerita Anak-Indonesia =650 #4$$a Literasi-Bahan Bacaan =990 ##$$a TBM202400658